000 00404nam a2200169Ia 4500
001 1751
003 IN-NITTTR
005 20251114232920.0
008 251113s9999||||xx |||||||||||||| ||eng||
040 _beng
040 _cIN-NITTTR
041 _aeng
082 _a925 J185S
100 _aJaggi, O. P.
245 0 _aScientists of ancient India and their achievements. /
_cJaggi, O. P.
942 _2ddc
_cBK
999 _c2484
_d2484